000 00475nam a2200181Ia 4500
005 20250326124835.0
008 250326s9999 xx 000 0 und d
037 _aTextbook
040 _aFMSL
_beng
_cFMSL
041 _aeng
_2eng
084 _aX:8C K51
_qFMSL
100 _aBierman H
_9319819
245 0 _aFicial accounting theory
_cBierman H
260 _aNY
_bNY, Macmillan
_c1965
300 _a402p
942 _cTB
_hX:8C K51
999 _c1275460
_d1275460